[Event "Pereira Cosecha op"]
[Site "Pereira"]
[Date "2024.08.30"]
[Round "5"]
[White "Hernandez Bermudez, Manuela"]
[Black "Cuellar Canosa, Nicolas"]
[Result "1-0"]
[WhiteElo "1932"]
[BlackElo "1834"]
[PlyCount "97"]
[EventDate "2024.08.28"]
[EventType "swiss"]
[EventRounds "9"]
[EventCountry "COL"]
[SourceTitle "EXT 2025"]
[Source "ChessBase"]
[SourceDate "2024.10.14"]
[SourceVersion "1"]
[SourceVersionDate "2024.10.14"]
[SourceQuality "1"]

1. e4 b6 2. d4 Bb7 3. Nc3 e6 4. Nf3 Bb4 5. Bd3 Nf6 6. Qe2 d5 7. exd5 Qxd5 8. Bd2 Qh5 9. 0-0-0 Bxc3 10. Bxc3 Nbd7 11. Ba6 0-0-0 12. Kb1 Rhe8 13. Rhe1 Nd5 14. Bd2 f6 15. Bxb7+ Kxb7 16. Qe4 Qg6 17. Qxg6 hxg6 18. c4 Ne7 19. Rxe6 Nf8 20. Re2 Nf5 21. Rxe8 Rxe8 22. Re1 Rxe1+ 23. Bxe1 Ne6 24. Bc3 Nf4 25. g4 Nd6 26. Nd2 c6 27. b3 Kc7 28. Kc2 Kd7 29. f3 f5 30. Bb2 Ke6 31. Ba3 Ne8 32. gxf5+ gxf5 33. Nf1 Ng2 34. Kd2 Nh4 35. Ke2 Nf6 36. Bc1 Ng6 37. Ng3 Nf8 38. Bf4 N8d7 39. Ke3 g6 40. h4 b5 41. Bc7 Ne8 42. Bd8 Nd6 43. Kd3 Nf7 44. Bg5 Nxg5 45. hxg5 f4 46. Ne4 a6 47. cxb5 cxb5 48. Nc5+ Nxc5+ 49. dxc5 1-0

[Event "American Continental 18th"]
[Site "Medellin"]
[Date "2024.05.25"]
[Round "2"]
[White "Garvin Mejia, Ricardo Luis"]
[Black "Cuellar Canosa, Nicolas"]
[Result "1-0"]
[WhiteElo "1714"]
[BlackElo "1891"]
[PlyCount "101"]
[EventDate "2024.05.24"]
[EventType "swiss"]
[EventRounds "11"]
[EventCountry "COL"]
[SourceTitle "CBM 220 Extra"]
[Source "ChessBase"]
[SourceDate "2024.07.31"]
[SourceVersion "1"]
[SourceVersionDate "2024.07.31"]
[SourceQuality "1"]

1. Nf3 Nf6 2. g3 e6 3. Bg2 a6 4. 0-0 b5 5. a4 Bb7 6. d4 Be7 7. Nbd2 0-0 8. axb5 axb5 9. Rxa8 Bxa8 10. c4 bxc4 11. Nxc4 Bd5 12. Qc2 Nc6 13. Rd1 Nb4 14. Qb3 Qa8 15. Bd2 Rb8 16. Ne1 Ne4 17. Bxe4 Bxe4 18. f3 Nd5 19. Ra1 Rxb3 20. Rxa8+ Bf8 21. fxe4 Nf6 22. e5 Ne4 23. Ba5 d5 24. exd6 cxd6 25. Bd8 Rb7 26. Na5 Rd7 27. Nc6 f6 28. Be7 Kf7 29. Rxf8+ Kg6 30. Bd8 Rb7 31. Nd3 e5 32. dxe5 dxe5 33. Ba5 Nd6 34. Rb8 Rxb8 35. Nxb8 Kf5 36. b4 Ke4 37. Kf2 Kd5 38. Nc5 f5 39. Nbd7 e4 40. Bc7 Nb5 41. Be5 g6 42. Bb2 Kc4 43. Na6 g5 44. Be5 Na3 45. Nf8 h5 46. Bf6 g4 47. Ne6 Nc2 48. Nf4 Kb5 49. Nc7+ Kxb4 50. Ncd5+ Kc5 51. Ne3 1-0

[Event "Soacha Ventura op"]
[Site "Soacha"]
[Date "2023.12.12"]
[Round "10"]
[White "Mena Cordoba, Yamil Octavio"]
[Black "Cuellar Canosa, Nicolas"]
[Result "1/2-1/2"]
[WhiteElo "1830"]
[BlackElo "1865"]
[PlyCount "95"]
[EventDate "2023.12.08"]
[EventType "swiss"]
[EventRounds "10"]
[EventCountry "COL"]
[SourceTitle "EXT 2025"]
[Source "ChessBase"]
[SourceDate "2024.10.14"]
[SourceVersion "1"]
[SourceVersionDate "2024.10.14"]
[SourceQuality "1"]

1. e4 e6 2. d4 d5 3. Nc3 dxe4 4. Nxe4 Bd7 5. Nf3 Bc6 6. Bd3 Nd7 7. 0-0 Ngf6 8. Re1 Be7 9. Neg5 0-0 10. Ne5 Nxe5 11. dxe5 Qd5 12. Nf3 Nd7 13. c4 Qc5 14. Be3 Qa5 15. Bd2 Bxf3 16. Bxa5 Bxd1 17. Raxd1 Nc5 18. Bxc7 Rac8 19. Bd6 Bxd6 20. exd6 Nxd3 21. Rxd3 Rxc4 22. Red1 Rd8 23. g3 f6 24. f4 Kf7 25. h3 g6 26. Kf2 Rd7 27. Ke3 e5 28. Rc3 exf4+ 29. gxf4 Rxc3+ 30. bxc3 Ke6 31. Rd4 Rxd6 32. Ra4 a6 33. Rb4 b5 34. a4 bxa4 35. Rxa4 Kd5 36. h4 Kc5 37. Ke4 Re6+ 38. Kd3 Rb6 39. Ra5+ Kc6 40. h5 Kb7 41. hxg6 hxg6 42. c4 Rb1 43. Ra2 Rf1 44. Ke4 f5+ 45. Ke5 Re1+ 46. Kd5 Rd1+ 47. Kc5 Rf1 48. Kd5 1/2-1/2

[Event "Medellin Flores op 30th"]
[Site "Medellin"]
[Date "2023.08.07"]
[Round "8"]
[White "Cuellar Canosa, Nicolas"]
[Black "Esmeraldas Huachi, Anderson Yahir"]
[Result "0-1"]
[WhiteElo "1852"]
[BlackElo "2141"]
[PlyCount "49"]
[EventDate "2023.08.03"]
[EventType "swiss"]
[EventRounds "9"]
[EventCountry "COL"]
[SourceTitle "CBM 215 Extra"]
[Source "ChessBase"]
[SourceDate "2023.09.30"]
[SourceVersion "1"]
[SourceVersionDate "2023.09.30"]
[SourceQuality "1"]

1. e4 c5 2. Nf3 d6 3. d4 cxd4 4. Nxd4 Nf6 5. Nc3 a6 6. Bg5 Nbd7 7. Bc4 b5 8. Nd5 Bb7 9. Bxf6 bxc4 10. Bh4 Bxd5 11. exd5 Qa5+ 12. c3 Qxd5 13. 0-0 g5 14. Bg3 Bg7 15. Re1 Bxd4 16. cxd4 e6 17. Qh5 Nf6 18. Qh6 Ke7 19. Rad1 Qf5 20. f4 g4 21. Rxe6+ Kxe6 22. Bh4 Rhg8 23. Bxf6 Rg6 24. Re1+ Kd5 25. Bh4 0-1

[Event "Rivera Hernandez Memorial-B"]
[Site "Rivera Huila"]
[Date "2023.07.23"]
[Round "7"]
[White "Cuellar Canosa, Nicolas"]
[Black "Castro Lombana, Juan Pablo"]
[Result "1/2-1/2"]
[WhiteElo "1848"]
[BlackElo "1489"]
[PlyCount "56"]
[EventDate "2023.07.20"]
[EventType "swiss"]
[EventRounds "7"]
[EventCountry "COL"]
[SourceTitle "CBM 215 Extra"]
[Source "ChessBase"]
[SourceDate "2023.09.30"]
[SourceVersion "1"]
[SourceVersionDate "2023.09.30"]
[SourceQuality "1"]

1. e4 c5 2. Nf3 d6 3. d4 cxd4 4. Nxd4 Nf6 5. f3 Nc6 6. c4 g6 7. Nc3 Bg7 8. Be3 0-0 9. Qd2 h5 10. Be2 Bd7 11. 0-0 Rc8 12. Rac1 a6 13. Rfd1 Re8 14. Nd5 Nxd4 15. Bxd4 Nxd5 16. cxd5 Bxd4+ 17. Qxd4 Rxc1 18. Rxc1 Qb8 19. Kf2 Rc8 20. Rxc8+ Qxc8 21. Qc3 Qd8 22. Ke3 Qb6+ 23. Qd4 Qc7 24. a3 Qc1+ 25. Kf2 Qh1 26. h3 Qh2 27. Kf1 Qf4 28. Qb6 Bb5 1/2-1/2

[Event "Rivera Hernandez Memorial-B"]
[Site "Rivera Huila"]
[Date "2023.07.22"]
[Round "4"]
[White "Rodriguez Velasco, German Enrique"]
[Black "Cuellar Canosa, Nicolas"]
[Result "1-0"]
[WhiteElo "1995"]
[BlackElo "1848"]
[PlyCount "166"]
[EventDate "2023.07.20"]
[EventType "swiss"]
[EventRounds "7"]
[EventCountry "COL"]
[SourceTitle "CBM 215 Extra"]
[Source "ChessBase"]
[SourceDate "2023.09.30"]
[SourceVersion "1"]
[SourceVersionDate "2023.09.30"]
[SourceQuality "1"]

1. d4 d5 2. c4 c6 3. Nf3 Nf6 4. e3 Bf5 5. Nc3 e6 6. Be2 Nbd7 7. 0-0 Bd6 8. b3 0-0 9. Bb2 Qe7 10. Nh4 Bg6 11. Nxg6 hxg6 12. a4 Rad8 13. Qc2 Rfe8 14. Rfd1 dxc4 15. bxc4 e5 16. d5 e4 17. a5 Nc5 18. a6 cxd5 19. axb7 Qxb7 20. Nxd5 Nfd7 21. Rdb1 Qa8 22. Bd4 Rb8 23. Qc3 f6 24. Rd1 Rb7 25. Bxf6 Rb3 26. Qa5 Nb7 27. Nc7 Nxa5 28. Nxa8 Bxh2+ 29. Kxh2 Nxf6 30. Nc7 Re5 31. Nd5 Nc6 32. Ra6 Rb2 33. Nf4 Nb4 34. Rd8+ Re8 35. Rxe8+ Nxe8 36. Rxg6 Nf6 37. Rg5 Nd3 38. Bxd3 exd3 39. Nxd3 Rd2 40. Nf4 Ne4 41. Ra5 Nxf2 42. Rxa7 Ng4+ 43. Kg3 Nxe3 44. c5 Rc2 45. Kf3 Nf1 46. Ne6 Nh2+ 47. Ke4 Re2+ 48. Kd5 Rd2+ 49. Nd4 Ng4 50. c6 Ne3+ 51. Kc5 Rd3 52. c7 Rc3+ 53. Kd6 Nc4+ 54. Ke7 Nb6 55. Rb7 Nd5+ 56. Kd6 Nxc7 57. Rxc7 Rg3 58. Rc2 Kf7 59. Ke5 Kg6 60. Nf3 Rg4 61. Nh2 Ra4 62. Rc3 Ra5+ 63. Kf4 Rf5+ 64. Kg3 Ra5 65. Nf3 Rb5 66. Rc6+ Kh5 67. Kh3 g6 68. g4+ Kh6 69. g5+ Kg7 70. Nd4 Rd5 71. Ne6+ Kf7 72. Kg4 Rd1 73. Nf4 Rg1+ 74. Kh4 Rh1+ 75. Kg3 Rg1+ 76. Ng2 Rd1 77. Ne3 Rd3 78. Kf4 Rd7 79. Nc4 Rd4+ 80. Ke5 Rg4 81. Rc7+ Ke8 82. Kf6 Kd8 83. Rc5 Ke8 1-0

[Event "Medellin Raza Cup"]
[Site "Medellin"]
[Date "2022.10.23"]
[Round "9"]
[White "Cordoba Roa, Angel Gabriel"]
[Black "Cuellar Canosa, Nicolas"]
[Result "1-0"]
[WhiteElo "2099"]
[BlackElo "1860"]
[PlyCount "45"]
[EventDate "2022.10.19"]
[EventType "swiss"]
[EventRounds "10"]
[EventCountry "COL"]
[SourceTitle "EXT 2024"]
[Source "ChessBase"]
[SourceDate "2023.10.10"]
[SourceVersion "1"]
[SourceVersionDate "2023.10.10"]
[SourceQuality "1"]

1. e4 d5 2. exd5 Nf6 3. d4 Bg4 4. f3 Bf5 5. g4 Bg6 6. c4 e6 7. Nc3 exd5 8. g5 Nfd7 9. Nxd5 Nc6 10. h4 Bb4+ 11. Kf2 0-0 12. Bf4 Bd6 13. Bxd6 cxd6 14. Ne2 f6 15. h5 Bf5 16. g6 hxg6 17. hxg6 Bxg6 18. Nef4 Bf5 19. Bd3 Nxd4 20. Bxf5 Nxf5 21. Qc2 Ne7 22. Ne6 Qe8 23. Qh7+ 1-0

[Event "Ibague op"]
[Site "Ibague"]
[Date "2022.10.05"]
[Round "1"]
[White "Cajamarca Gordillo, Sebastian Alejandro"]
[Black "Cuellar Canosa, Nicolas"]
[Result "0-1"]
[WhiteElo "1545"]
[BlackElo "1860"]
[PlyCount "64"]
[EventDate "2022.10.05"]
[EventType "swiss"]
[EventRounds "10"]
[EventCountry "COL"]
[SourceTitle "CBM 210 Extra"]
[Source "ChessBase"]
[SourceDate "2022.11.30"]
[SourceVersion "1"]
[SourceVersionDate "2022.11.30"]
[SourceQuality "1"]

1. d4 Nf6 2. c4 e6 3. Nc3 Bb4 4. e3 c5 5. Nf3 d6 6. Be2 Bxc3+ 7. bxc3 Nc6 8. 0-0 0-0 9. Qc2 e5 10. d5 Ne7 11. e4 Ng6 12. Ne1 Qe7 13. Bf3 h6 14. g3 Nh7 15. Bg2 f5 16. exf5 Bxf5 17. Be4 Bxe4 18. Qxe4 Qf7 19. f3 Nf6 20. Qe2 Rae8 21. Ng2 Qd7 22. Qc2 Ne7 23. Ne3 b5 24. cxb5 c4 25. Qa4 Rc8 26. Rd1 Qc7 27. Qc2 Qc5 28. a4 Nfxd5 29. Qf2 Nxc3 30. Rf1 Ne4 31. Qd2 Qc7 32. Qc2 Nf6 0-1

[Event "Ibague op"]
[Site "Ibague"]
[Date "2022.10.05"]
[Round "2"]
[White "Cuellar Canosa, Nicolas"]
[Black "Corredor Rengifo, Luis Fernando"]
[Result "0-1"]
[WhiteElo "1860"]
[BlackElo "2137"]
[PlyCount "88"]
[EventDate "2022.10.05"]
[EventType "swiss"]
[EventRounds "10"]
[EventCountry "COL"]
[SourceTitle "CBM 210 Extra"]
[Source "ChessBase"]
[SourceDate "2022.11.30"]
[SourceVersion "1"]
[SourceVersionDate "2022.11.30"]
[SourceQuality "1"]

1. e4 c5 2. Nf3 e6 3. d4 cxd4 4. Nxd4 Nc6 5. Nc3 Qc7 6. Be3 Nf6 7. f3 a6 8. Qd2 b5 9. 0-0-0 Nxd4 10. Qxd4 d6 11. g4 Bb7 12. Kb1 h6 13. Bg2 d5 14. exd5 Nxd5 15. Nxd5 Bxd5 16. Rd3 b4 17. Re1 Rc8 18. Rd2 Rd8 19. b3 Rg8 20. Qd3 Be7 21. Qxa6 g5 22. Qb5+ Kf8 23. h4 Rb8 24. Qd3 Ra8 25. Bd4 gxh4 26. Be5 Qa5 27. c4 bxc3 28. Bxc3 Bb4 29. Rc1 Rd8 30. Qe3 Rg6 31. Rdc2 Bxc3 32. Rxc3 Qa8 33. Bf1 Rf6 34. Be2 Qb8 35. Rc7 Qb4 36. g5 hxg5 37. Qxg5 Qf4 38. Qh5 Qf5+ 39. Qxf5 Rxf5 40. Rh1 Rh5 41. f4 Bxh1 42. Bxh5 Be4+ 43. Kc1 h3 44. Rxf7+ Kg8 0-1